000 01183nam a22003377a 4500
003 CHAP
005 20220329141439.0
008 971013s1984 r 00010 d
010 _a68270
011 _a69242
035 _a78718
040 _cCHAP
090 _aTesis
100 0 0 _aLoperena Saldívar, Constancio.
_968498
245 _aEvaluación de diferentes métodos de labranza y técnicas de control de malezas en el cultivo de la papa Solanum tuberosum L., en el Municipio de Saltillo
260 _aSaltillo, Coah. :
_bEl autor,
_c1984
300 _a62 h.
_b: ilus. ; gráfs.
500 _a27-155
502 _aTesis (Maestro en Ciencias Esp. en Suelos) -- Univ. Autónoma Agraria Antonio Narro
590 _aALEPH
_b10
_c20130110
_lUCH01
_h1404
590 _aBATCH-UPD
_b10
_c20130110
_lUCH01
_h0820
590 _aBATCH-UPD
_b10
_c20130410
_lUCH01
_h0457
590 _aBATCH-UPD
_b10
_c20130914
_lUCH01
_h1608
590 _aCONVERSION
_b10
_c20130109
_lUCH01
_h1338
650 1 4 _aHerbicidas.
_953691
650 1 4 _aLabranza.
_964303
650 1 4 _aPapa
_xMalas hierbas
_xControl.
_985258
901 _aBK
942 _cTESIS
949 _bBC
_cTES
_d-31593
_eTS1
_h19579
_i78718
_si
999 _c68270
_d68270